| 000 | 04654nam a22004937a 4500 | ||
|---|---|---|---|
| 005 | 2010082705565.0 | ||
| 010 | _aB-388679-704 | ||
| 020 | _c50.00 | ||
| 035 | _aB-388679-704 | ||
| 037 | _bBlueberry Books | ||
| 082 | _aN | ||
| 245 | _aAshoka | ||
| 260 |
_bMacaw Books _c2009 _aVirginia |
||
| 300 |
_a24p.: _bcol. ill. _c25cm(pbk) |
||
| 490 |
_aHindu mythology _917312 |
||
| 942 |
_2ddc _cCH _mASH _hS |
||
| 999 |
_c32862 _d32862 |
||